00346 a2200145 4500001000700000040002200007041001600029082002300045100002900068245002400097250000900121260004900130300000800179362001300187140172 cLeonardo Da Vinci aPortuguês a469.5 C977gbC977g aCUNHA, Celso Ferreira da aGramática moderna a2.ed bBernardo Álvares S/Ac1970aBelo Horizonte a302 a19700000